00426nam a22001337a 4500082001500000100002200015245005800037260004100095300000700136650002400143942000800167999001500175952010200190 a663.94 KAS aKasige,Cyril9217 aDevelopment of High Power Blumlein Tea Nitrogen Laser aColombobUniversity of Colomboc1988 a52 aNitrigen Laser9218 cDES c3005d3005 0010708NFICaICbICcGENd2016-01-17l0o663.94 KApD0001r2016-01-17 00:00:00w2016-01-17yDIS